| 000 | 00706nam a2200181 a 4500 | ||
|---|---|---|---|
| 005 | 20140412111301.0 | ||
| 008 | 001117s19uu xx 00 eng d | ||
| 020 | _a0-394-88051-X | ||
| 050 |
_aTR(PS E _bCh46 1986 |
||
| 245 |
_aChristmas story (The): _bwith Ruth Morehead's Holly Babes. |
||
| 260 |
_aNew York : _bRandom House, _c1986. |
||
| 300 | _a1 v. (unp.) ; col. ; ill. | ||
| 440 | _aA Random House Pictureback | ||
| 520 | _aA simple retelling of the Christmas story according to the Gospels of St. Matthew and St. Luke, set up as a Christmas pageant with Ruth J. Moreheads's Holly Babes acting the parts. | ||
| 650 | _aJesus Christ--Nativity | ||
| 650 | _aBible stories--N.T. | ||
| 999 |
_c103416 _d103416 |
||